Central Asia in a new geopolitical order/ (Record no. 103328)
[ view plain ]
| 000 -LEADER | |
|---|---|
| fixed length control field | 00401nam a22001457a 4500 |
| 005 - DATE AND TIME OF LATEST TRANSACTION | |
| control field | 20180216090133.0 |
| 008 - FIXED-LENGTH DATA ELEMENTS--GENERAL INFORMATION | |
| fixed length control field | 180216b xxu||||| |||| 00| 0 eng d |
| 040 ## - CATALOGING SOURCE | |
| Transcribing agency | PK-LaUMT |
| 082 ## - DEWEY DECIMAL CLASSIFICATION NUMBER | |
| Classification number | PKAC 320.958 |
| Item number | FUL-C |
| 100 ## - MAIN ENTRY--PERSONAL NAME | |
| Personal name | Fuller, Graham E. |
| 245 ## - TITLE STATEMENT | |
| Title | Central Asia in a new geopolitical order/ |
| Statement of responsibility, etc | Graham E. Fuller |
| 260 ## - PUBLICATION, DISTRIBUTION, ETC. (IMPRINT) | |
| Place of publication, distribution, etc | Cambridge: |
| Name of publisher, distributor, etc | Harvard University |
| Date of publication, distribution, etc | 1992 |
| 300 ## - PHYSICAL DESCRIPTION | |
| Extent | 26 |
| 942 ## - ADDED ENTRY ELEMENTS (KOHA) | |
| Koha item type | Books |
| Withdrawn status | Lost status | Damaged status | Home library | Current library | Date acquired | Full call number | Barcode | Date last seen | Price effective from | Koha item type |
|---|---|---|---|---|---|---|---|---|---|---|
| UMT Main Campus | UMT Main Campus | 2018-02-16 | PKAC 320.958 FUL-C | 119628 | 2018-02-16 | 2018-02-16 | Books |
